[Event "DVM U20w 2023"]
[Site "Magdeburg GER"]
[Date "2023.12.30"]
[Round "7"]
[White "Komar, Valerie"]
[Black "Scheiding, Sophia"]
[Result "1-0"]
[Termination "normal"]
[Board "9.3"]
[WhiteElo "1386"]
[BlackElo "1421"]
[WhiteClock "00:43:57"]
[BlackClock "00:46:49"]
[WhiteTeam "SC Kreuzberg"]
[BlackTeam "Meuselwitzer SV"]
[PlyCount "75"]
[WhiteFideId "34139664"]
[BlackFideId "16287010"]
[EventCountry "GER"]
[EventRounds "7"]
[EventType "team-swiss"]
[EventDate "2023.12.26"]

1. e4 {[%clk 01:30:57]} {[%emt 00:00:02]} e5 {[%clk 01:30:13]} {[%emt
00:00:47]} 2. Nf3 {[%clk 01:31:24]} {[%emt 00:00:04]} Nf6 {[%clk 01:30:05]}
{[%emt 00:00:37]} 3. Nxe5 {[%clk 01:31:50]} {[%emt 00:00:04]} d6 {[%clk
01:30:25]} {[%emt 00:00:10]} 4. Nf3 {[%clk 01:32:16]} {[%emt 00:00:04]} Nxe4
{[%clk 01:30:51]} {[%emt 00:00:05]} 5. Nc3 {[%clk 01:32:43]} {[%emt 00:00:03]}
d5 {[%clk 01:29:20]} {[%emt 00:02:01]} 6. Qe2 {[%emt 00:05:02]} Be7 {[%clk
01:25:03]} {[%emt 00:01:30]} 7. Nxe4 {[%clk 01:28:55]} {[%emt 00:03:03]} dxe4
{[%clk 01:25:28]} {[%emt 00:00:05]} 8. Qxe4 {[%clk 01:28:41]} {[%emt 00:00:44]}
Nc6 {[%clk 01:24:15]} {[%emt 00:01:43]} 9. Bc4 {[%clk 01:20:13]} {[%emt
00:08:58]} O-O {[%clk 01:22:40]} {[%emt 00:02:05]} 10. O-O {[%clk 01:19:59]}
{[%emt 00:00:43]} Bd7 {[%clk 01:20:20]} {[%emt 00:02:50]} 11. Bd3 {[%clk
01:19:11]} {[%emt 00:01:18]} g6 {[%clk 01:18:23]} {[%emt 00:02:27]} 12. Bc4
{[%clk 01:15:09]} Bf6 {[%clk 01:16:32]} {[%emt 00:06:48]} 13. d3 {[%emt
00:04:35]} Bg7 14. Ng5 {[%clk 01:06:03]} {[%emt 00:06:59]} h6 {[%clk 01:11:37]}
{[%emt 00:04:32]} 15. Nf3 {[%clk 00:50:51]} {[%emt 00:15:42]} Qf6 {[%clk
01:09:38]} {[%emt 00:02:22]} 16. Qf4 {[%clk 00:46:44]} {[%emt 00:04:43]} Qxf4
{[%clk 01:08:51]} {[%emt 00:01:19]} 17. Bxf4 {[%clk 00:47:10]} {[%emt
00:00:04]} Rac8 {[%clk 01:08:56]} {[%emt 00:00:25]} 18. c3 {[%clk 00:46:09]}
{[%emt 00:01:31]} Nd8 {[%clk 01:06:32]} {[%emt 00:02:53]} 19. Ne5 {[%clk
00:46:00]} {[%emt 00:00:40]} Be6 {[%clk 01:06:07]} {[%emt 00:00:55]} 20. Bxe6
{[%clk 00:45:48]} {[%emt 00:00:42]} Nxe6 {[%clk 01:06:06]} {[%emt 00:00:31]}
21. Bg3 {[%clk 00:45:49]} {[%emt 00:00:29]} Rcd8 {[%clk 00:56:34]} {[%emt
00:10:03]} 22. d4 {[%clk 00:45:25]} {[%emt 00:00:53]} Kh7 {[%clk 00:54:32]}
{[%emt 00:02:33]} 23. Nc4 {[%clk 00:44:36]} {[%emt 00:01:19]} c5 {[%clk
00:53:38]} {[%emt 00:01:24]} 24. dxc5 {[%clk 00:43:35]} {[%emt 00:01:31]} Nxc5
{[%clk 00:51:46]} {[%emt 00:02:22]} 25. Bd6 {[%clk 00:43:27]} {[%emt 00:00:38]}
Ne6 {[%clk 00:50:13]} {[%emt 00:02:03]} 26. Bxf8 {[%clk 00:43:42]} {[%emt
00:00:14]} Bxf8 {[%clk 00:50:29]} {[%emt 00:00:15]} 27. Rad1 {[%clk 00:43:47]}
{[%emt 00:00:24]} b5 {[%clk 00:49:25]} {[%emt 00:01:34]} 28. Rxd8 {[%clk
00:43:59]} {[%emt 00:00:18]} Nxd8 {[%clk 00:49:51]} {[%emt 00:00:05]} 29. Rd1
{[%clk 00:43:27]} {[%emt 00:01:01]} Nc6 {[%clk 00:49:25]} {[%emt 00:00:57]} 30.
Nd6 {[%clk 00:43:34]} {[%emt 00:00:23]} Bxd6 {[%clk 00:48:50]} {[%emt
00:01:04]} 31. Rxd6 {[%clk 00:43:58]} {[%emt 00:00:08]} Ne5 {[%clk 00:49:00]}
{[%emt 00:00:19]} 32. Rd5 {[%clk 00:44:08]} {[%emt 00:00:20]} Nc6 {[%clk
00:46:30]} {[%emt 00:03:00]} 33. Rxb5 {[%clk 00:44:24]} {[%emt 00:00:14]} Kg7
{[%clk 00:46:51]} {[%emt 00:00:09]} 34. Kf1 {[%clk 00:44:17]} {[%emt 00:00:37]}
Kf6 {[%clk 00:47:09]} {[%emt 00:00:11]} 35. Ke2 {[%clk 00:44:02]} {[%emt
00:00:46]} Ke6 {[%clk 00:47:25]} {[%emt 00:00:14]} 36. Kd3 {[%clk 00:44:14]}
{[%emt 00:00:16]} Kd6 {[%clk 00:47:10]} {[%emt 00:00:48]} 37. Kc4 {[%emt
00:00:56]} f5 {[%clk 00:46:49]} {[%emt 00:00:46]} 38. Rd5+ {[%clk 00:43:57]}
{[%emt 00:00:25]} 1-0

[Event "DVM U20w 2023"]
[Site "Magdeburg GER"]
[Date "2023.12.30"]
[Round "7"]
[White "Stauch, Amelie"]
[Black "Foltin, Alica"]
[Result "0-1"]
[Termination "normal"]
[Board "10.1"]
[WhiteElo "910"]
[BlackElo "1744"]
[WhiteClock "00:49:04"]
[BlackClock "01:21:12"]
[WhiteTeam "SV Eintracht Tangerhütte"]
[BlackTeam "SV Erkenschwick 1923"]
[PlyCount "34"]
[WhiteFideId "34675353"]
[BlackFideId "34606920"]
[EventCountry "GER"]
[EventRounds "7"]
[EventType "team-swiss"]
[EventDate "2023.12.26"]

1. b4 {[%clk 01:30:56]} {[%emt 00:00:03]} e5 {[%clk 01:30:45]} {[%emt
00:00:15]} 2. Bb2 {[%clk 01:31:19]} {[%emt 00:00:07]} Bxb4 {[%clk 01:31:10]}
{[%emt 00:00:06]} 3. Bxe5 {[%clk 01:31:42]} {[%emt 00:00:07]} Nf6 {[%clk
01:31:34]} {[%emt 00:00:05]} 4. Nf3 {[%clk 01:26:58]} {[%emt 00:05:15]} Nc6
{[%clk 01:31:50]} {[%emt 00:00:13]} 5. Bb2 {[%clk 01:27:20]} {[%emt 00:00:09]}
O-O {[%clk 01:31:47]} {[%emt 00:00:34]} 6. e3 {[%clk 01:27:06]} {[%emt
00:00:44]} d5 {[%clk 01:31:47]} {[%emt 00:00:29]} 7. c4 {[%clk 01:27:15]}
{[%emt 00:00:23]} Re8 {[%clk 01:31:44]} {[%emt 00:00:32]} 8. h3 {[%clk
01:23:50]} {[%emt 00:03:54]} d4 {[%clk 01:31:55]} {[%emt 00:00:19]} 9. Qb3
{[%clk 01:18:20]} {[%emt 00:06:00]} dxe3 {[%clk 01:31:06]} {[%emt 00:01:18]}
10. fxe3 {[%clk 01:18:22]} {[%emt 00:00:29]} Qd6 {[%clk 01:30:07]} {[%emt
00:01:30]} 11. Bc3 {[%clk 01:12:36]} {[%emt 00:06:15]} Bxc3 {[%clk 01:29:01]}
{[%emt 00:01:35]} 12. Nxc3 {[%clk 01:12:34]} {[%emt 00:00:32]} Qg3+ {[%clk
01:27:28]} {[%emt 00:02:03]} 13. Ke2 {[%clk 01:11:58]} {[%emt 00:01:07]} Rb8
{[%clk 01:22:43]} {[%emt 00:05:15]} 14. a4 {[%clk 00:54:14]} {[%emt 00:18:14]}
Bf5 {[%emt 00:01:09]} 15. Nd1 {[%clk 00:50:27]} {[%emt 00:03:37]} Rbd8 {[%clk
01:21:27]} {[%emt 00:01:47]} 16. Ra2 {[%clk 00:49:59]} {[%emt 00:00:58]} Nb4
{[%clk 01:20:50]} {[%emt 00:01:07]} 17. Qxb4 {[%clk 00:49:04]} {[%emt
00:01:26]} Bd3# {[%clk 01:21:12]} {[%emt 00:00:07]} 0-1

[Event "DVM U20w 2023"]
[Site "Magdeburg GER"]
[Date "2023.12.30"]
[Round "7"]
[White "Bohatyrova, Mariia"]
[Black "Kasten, Luna Seraphine"]
[Result "1-0"]
[Termination "normal"]
[Board "10.2"]
[WhiteElo "1341"]
[BlackElo "754"]
[WhiteClock "01:12:18"]
[BlackClock "01:12:31"]
[WhiteTeam "SV Erkenschwick 1923"]
[BlackTeam "SV Eintracht Tangerhütte"]
[PlyCount "41"]
[WhiteFideId "34165789"]
[BlackFideId "34681639"]
[EventCountry "GER"]
[EventRounds "7"]
[EventType "team-swiss"]
[EventDate "2023.12.26"]

1. Nf3 {[%clk 01:30:56]} {[%emt 00:00:03]} f5 {[%clk 01:29:25]} {[%emt
00:01:36]} 2. d4 {[%clk 01:30:51]} {[%emt 00:00:35]} Nf6 {[%clk 01:29:06]}
{[%emt 00:00:48]} 3. c4 {[%clk 01:30:44]} {[%emt 00:00:39]} d5 {[%clk
01:29:02]} {[%emt 00:00:34]} 4. Nc3 {[%clk 01:31:04]} {[%emt 00:00:10]} e6
{[%clk 01:28:31]} {[%emt 00:01:00]} 5. Bf4 {[%clk 01:29:56]} {[%emt 00:01:35]}
dxc4 {[%clk 01:25:32]} {[%emt 00:03:31]} 6. Qa4+ {[%clk 01:30:01]} {[%emt
00:00:26]} c6 {[%clk 01:25:25]} {[%emt 00:00:36]} 7. Qxc4 {[%clk 01:30:21]}
{[%emt 00:00:11]} b5 {[%clk 01:25:41]} {[%emt 00:00:12]} 8. Qb3 {[%clk
01:27:12]} {[%emt 00:03:40]} Bd6 {[%clk 01:25:19]} {[%emt 00:00:54]} 9. Bxd6
{[%clk 01:26:54]} {[%emt 00:00:48]} Qxd6 {[%clk 01:25:18]} {[%emt 00:00:27]}
10. a3 {[%clk 01:22:49]} {[%emt 00:04:37]} O-O {[%clk 01:23:27]} {[%emt
00:02:22]} 11. e3 {[%clk 01:22:50]} {[%emt 00:00:28]} Qe7 {[%clk 01:23:32]}
{[%emt 00:00:24]} 12. Bd3 {[%clk 01:22:40]} {[%emt 00:00:40]} Qf7 {[%clk
01:23:35]} {[%emt 00:00:27]} 13. Ne5 {[%clk 01:18:20]} {[%emt 00:04:51]} Qh5
{[%clk 01:23:13]} {[%emt 00:00:52]} 14. Ne2 {[%clk 01:16:26]} {[%emt 00:02:21]}
Nbd7 {[%clk 01:20:40]} {[%emt 00:03:05]} 15. Nf4 {[%clk 01:14:27]} {[%emt
00:02:28]} Qh4 {[%clk 01:16:41]} {[%emt 00:04:31]} 16. g3 {[%clk 01:12:23]}
{[%emt 00:02:33]} Qh6 {[%clk 01:13:54]} {[%emt 00:03:17]} 17. Qxe6+ {[%clk
01:12:07]} {[%emt 00:00:48]} Rf7 {[%clk 01:13:16]} {[%emt 00:01:07]} 18. Nxf7
{[%clk 01:11:44]} {[%emt 00:00:53]} Nf8 {[%clk 01:12:17]} {[%emt 00:01:28]} 19.
Nxh6+ {[%clk 01:12:06]} {[%emt 00:00:10]} Kh8 {[%clk 01:12:15]} {[%emt
00:00:31]} 20. Qg8+ {[%clk 01:11:50]} {[%emt 00:00:44]} Nxg8 {[%clk 01:12:31]}
{[%emt 00:00:16]} 21. Nf7# {[%clk 01:12:18]} {[%emt 00:00:02]} 1-0

[Event "DVM U20w 2023"]
[Site "Magdeburg GER"]
[Date "2023.12.30"]
[Round "7"]
[White "Quauck, Isabell"]
[Black "Bohatyrova, Natalia"]
[Result "0-1"]
[Termination "normal"]
[Board "10.3"]
[WhiteElo "931"]
[BlackElo "1506"]
[WhiteClock "01:16:14"]
[BlackClock "00:48:19"]
[WhiteTeam "SV Eintracht Tangerhütte"]
[BlackTeam "SV Erkenschwick 1923"]
[PlyCount "46"]
[WhiteFideId "34665390"]
[BlackFideId "14192780"]
[EventCountry "GER"]
[EventRounds "7"]
[EventType "team-swiss"]
[EventDate "2023.12.26"]

1. e4 {[%clk 01:30:58]} {[%emt 00:00:02]} e5 {[%clk 01:30:54]} {[%emt
00:00:08]} 2. Nf3 {[%clk 01:31:23]} {[%emt 00:00:05]} Nc6 {[%clk 01:31:17]}
{[%emt 00:00:07]} 3. d4 {[%clk 01:31:43]} {[%emt 00:00:10]} exd4 {[%clk
01:31:38]} {[%emt 00:00:07]} 4. Bc4 {[%clk 01:31:59]} {[%emt 00:00:14]} Nf6
{[%clk 01:31:53]} {[%emt 00:00:16]} 5. Ng5 {[%clk 01:32:04]} {[%emt 00:00:25]}
Ne5 {[%clk 01:24:21]} {[%emt 00:08:02]} 6. Qxd4 {[%clk 01:29:40]} {[%emt
00:02:53]} Nxc4 {[%clk 01:16:31]} {[%emt 00:08:21]} 7. Qxc4 {[%clk 01:29:01]}
{[%emt 00:01:08]} d5 {[%clk 01:15:14]} {[%emt 00:01:47]} 8. exd5 {[%clk
01:27:19]} {[%emt 00:02:13]} Nxd5 {[%clk 01:15:08]} {[%emt 00:00:36]} 9. Nc3
{[%clk 01:27:03]} {[%emt 00:00:45]} Bb4 {[%clk 01:08:34]} {[%emt 00:07:05]} 10.
Bd2 {[%clk 01:26:14]} {[%emt 00:01:18]} Bxc3 {[%clk 01:07:58]} {[%emt
00:01:07]} 11. Bxc3 {[%clk 01:26:17]} {[%emt 00:00:27]} Qxg5 {[%clk 01:08:04]}
{[%emt 00:00:23]} 12. O-O {[%clk 01:22:49]} {[%emt 00:03:58]} O-O {[%clk
01:07:33]} {[%emt 00:01:01]} 13. Rfe1 {[%clk 01:20:24]} {[%emt 00:02:54]} Nxc3
{[%clk 01:03:31]} {[%emt 00:04:33]} 14. Qxc3 {[%clk 01:20:16]} {[%emt
00:00:38]} c6 {[%clk 01:03:25]} {[%emt 00:00:36]} 15. Re5 {[%clk 01:19:25]}
{[%emt 00:01:20]} Qf6 {[%clk 00:57:39]} {[%emt 00:06:15]} 16. Rae1 {[%clk
01:18:31]} {[%emt 00:01:24]} Be6 {[%clk 00:56:55]} {[%emt 00:01:14]} 17. Qd3
{[%clk 01:18:00]} {[%emt 00:01:01]} Rad8 {[%clk 00:56:52]} {[%emt 00:00:33]}
18. Qe4 {[%clk 01:17:55]} {[%emt 00:00:36]} Rd2 {[%clk 00:54:36]} {[%emt
00:02:45]} 19. Rf1 {[%clk 01:17:22]} {[%emt 00:01:03]} Rfd8 {[%clk 00:54:26]}
{[%emt 00:00:39]} 20. Rh5 {[%clk 01:16:43]} {[%emt 00:01:08]} h6 {[%clk
00:53:50]} {[%emt 00:01:08]} 21. Qb4 {[%clk 01:16:17]} {[%emt 00:00:56]} Rxf2
{[%clk 00:47:31]} {[%emt 00:06:49]} 22. Rxf2 {[%clk 01:16:08]} {[%emt
00:00:38]} Rd1+ {[%clk 00:47:55]} {[%emt 00:00:06]} 23. Rf1 {[%clk 01:16:14]}
{[%emt 00:00:25]} Qxf1# {[%clk 00:48:19]} {[%emt 00:00:06]} 0-1

[Event "DVM U20w 2023"]
[Site "Magdeburg GER"]
[Date "2023.12.30"]
[Round "7"]
[White "Kaempf, Laura"]
[Black "Schönfeld, Emily"]
[Result "1-0"]
[Termination "normal"]
[Board "10.4"]
[WhiteElo "1230"]
[BlackElo "778"]
[WhiteClock "00:49:32"]
[BlackClock "00:39:48"]
[WhiteTeam "SV Erkenschwick 1923"]
[BlackTeam "SV Eintracht Tangerhütte"]
[PlyCount "41"]
[WhiteFideId "34635335"]
[BlackFideId "34681647"]
[EventCountry "GER"]
[EventRounds "7"]
[EventType "team-swiss"]
[EventDate "2023.12.26"]

1. d4 {[%clk 01:30:57]} {[%emt 00:00:03]} f5 {[%clk 01:30:18]} {[%emt
00:00:43]} 2. c4 {[%clk 01:30:40]} {[%emt 00:00:46]} Nf6 {[%clk 01:29:26]}
{[%emt 00:01:22]} 3. Nc3 {[%clk 01:30:26]} {[%emt 00:00:44]} e6 {[%clk
01:25:43]} {[%emt 00:04:13]} 4. e3 {[%clk 01:29:28]} {[%emt 00:01:27]} Ng4
{[%clk 01:22:26]} {[%emt 00:03:48]} 5. h3 {[%clk 01:29:09]} {[%emt 00:00:47]}
Nf6 {[%clk 01:16:15]} {[%emt 00:06:43]} 6. Nf3 {[%clk 01:27:59]} {[%emt
00:01:39]} Ne4 {[%clk 01:13:48]} {[%emt 00:02:58]} 7. Bd3 {[%clk 01:21:29]}
{[%emt 00:07:00]} Nxc3 {[%clk 01:12:09]} {[%emt 00:02:08]} 8. bxc3 {[%clk
01:21:50]} {[%emt 00:00:11]} Qf6 {[%clk 01:03:57]} {[%emt 00:08:41]} 9. O-O
{[%clk 01:19:09]} {[%emt 00:03:11]} g5 {[%clk 00:49:32]} {[%emt 00:14:56]} 10.
Ne5 {[%clk 01:01:57]} {[%emt 00:17:41]} g4 {[%clk 00:46:22]} {[%emt 00:03:40]}
11. e4 {[%clk 00:58:49]} {[%emt 00:03:38]} Qg7 {[%clk 00:45:44]} {[%emt
00:01:07]} 12. exf5 {[%clk 00:53:40]} {[%emt 00:05:40]} gxh3 {[%clk 00:45:55]}
{[%emt 00:00:20]} 13. Qh5+ {[%clk 00:53:02]} {[%emt 00:01:07]} Kd8 {[%clk
00:45:44]} {[%emt 00:00:41]} 14. Nf7+ {[%clk 00:52:50]} {[%emt 00:00:41]} Ke8
{[%clk 00:44:45]} {[%emt 00:01:31]} 15. Nxh8+ {[%clk 00:52:09]} {[%emt
00:01:11]} Ke7 {[%clk 00:44:24]} {[%emt 00:00:50]} 16. f6+ {[%clk 00:50:04]}
{[%emt 00:02:34]} Qxf6 {[%clk 00:44:08]} {[%emt 00:00:47]} 17. Bg5 {[%clk
00:50:24]} {[%emt 00:00:11]} h6 {[%clk 00:42:53]} {[%emt 00:01:45]} 18. Bxf6+
{[%clk 00:50:42]} {[%emt 00:00:13]} Kxf6 {[%clk 00:42:33]} {[%emt 00:00:49]}
19. Qf7+ {[%clk 00:49:19]} {[%emt 00:01:53]} Kg5 {[%clk 00:41:06]} {[%emt
00:01:57]} 20. Qg6+ {[%clk 00:49:28]} {[%emt 00:00:21]} Kf4 {[%clk 00:39:48]}
{[%emt 00:01:48]} 21. Qg3# {[%clk 00:49:32]} {[%emt 00:00:11]} 1-0